| 000 | 00502nam a2200193Ia 4500 | ||
|---|---|---|---|
| 005 | 20240823012438.0 | ||
| 008 | 240823s9999||||xx |||||||||||||| ||und|| | ||
| 020 | _a0-19-866284-X | ||
| 041 | _aENGLISH | ||
| 082 | _A658.456 P2 | ||
| 100 | _a"Leigh,Judith" | ||
| 245 | 0 | _aOrganizing and participating in Meetings | |
| 250 | _a1st | ||
| 260 |
_c2002 _bOxford University _aNew Delhi |
||
| 500 | _aYES | ||
| 650 |
_aComputer Organisation _bInformation Technology |
||
| 942 | _cBK | ||
| 999 |
_c164419 _d164419 |
||